000 01255nam a22002777a 4500
003 EG-ScBUE
005 20211102114430.0
008 211102s2007 ua a f b 000 0 ara d
017 _a2007 / 25321
040 _aEG-ScBUE
_bara
_erda
_cEG-ScBUE
_dEG-ScBUE
082 0 4 _a658.848
_bخ ي ر
_222
100 1 _a‪خير الدين، عمرو حسن،
_eمؤلف.
245 1 2 _a‪التسويق الدولي /
_cالأستاذ الدكتور عمرو خير الدين، دكتوراه الفلسفة في إدارة الأعمال - المملكة المتحدة، أستاذ التسويق - قسم إدارة الأعمال - كلية التجارة - جامعة عين شمس.
250 _aالطبعة الثالثة.
264 1 _aالقاهرة :
_bمكتبة عين شمس،
_c2007.
300 _a571 صفحة :
_bجداول ؛
_c24 سم
336 _2rdacontent
_aنص
_btxt
337 _2rdamedia
_aبدون وسيط
_bn
338 _2rdacarrier
_aمجلد
_bnc
504 _aيشتمل على إرجاعات ببليوجرافية.
541 _cإهداء ؛
_aعمرو حسن خير الدين
650 7 _a‪التسويق الدولي.
_2BUEsh
653 _bBUSECO
_cNovember2021
655 _vReading book
_934232
942 _2ddc
999 _c29628
_d29599